Every Speedcuber with a Sub-6 3x3 Average - Statistics

General Stats
  • This quiz has been taken 13 times
  • The average score is 22 of 78
Answer Stats
Time Country Year Answer % Correct
4.86 United States 2022 Max Park
86%
4.67 Poland 2025 Tymon Kolasiński
86%
4.59 China 2025 Yufang Du (杜昱方)
86%
4.94 China 2025 Zhaokun Li (李昭昆)
86%
5.39 United States 2024 Dylan Miller
71%
5.53 Australia 2019 Feliks Zemdegs
71%
5.45 China 2025 Hansen Yu (余翰森)
71%
5.24 Philippines 2023 Leo Borromeo
71%
4.94 United States 2024 Luke Garrett
71%
5.38 United States 2025 Luke Griesser
71%
5.49 United States 2024 Max Siauw
71%
4.84 China 2024 Ruihang Xu (许瑞航)
71%
4.32 China 2024 Xuanyi Geng (耿暄一)
71%
5.86 China 2023 Yusheng Du (杜宇生)
71%
5.50 China 2025 Zixuan Xu (徐子轩)
71%
5.81 France 2024 Juliette Sébastien
57%
4.86 Poland 2025 Teodor Zajder
57%
3.91 China 2025 Yiheng Wang (王艺衡)
57%
5.16 China 2024 Bofan Zhang (张博藩)
43%
5.44 Brazil 2025 Caio Hideaki Sato
43%
5.95 Vietnam 2024 Đỗ Quang Hưng
43%
5.02 United States 2025 Matty Hiroto Inaba
43%
5.36 China 2025 Qixian Cao (曹岂娴)
43%
5.45 Philippines 2024 Sean Patrick Villanueva
43%
5.57 China 2021 Yezhen Han (韩业臻)
43%
5.43 China 2025 Zhen Chen (陈震)
43%
5.88 Israel 2024 Ben Baron
29%
5.71 United States 2024 Ben Zhao
29%
5.64 Norway 2025 Kim Roger Haraldsen
29%
5.66 Germany 2024 Philipp Weyer
29%
5.73 United States 2025 Ryan Pilat
29%
5.56 United States 2025 Sameer Aggarwal
29%
5.64 South Korea 2024 Seung Hyuk Nahm (남승혁)
29%
5.54 Russia 2023 Timofei Tarasenko
29%
5.74 Philippines 2025 Toby Litiatco
29%
5.44 Netherlands 2023 Twan Dullemond
29%
5.50 China 2025 Ziyu Ye (叶梓渝)
29%
5.66 Russia 2025 Alexey Tsvetkov
14%
5.58 United States 2024 Andrew Y. Feng
14%
5.90 United States 2022 Asher Kim-Magierek
14%
5.63 United States 2025 Brendyn Dunagan
14%
5.63 Canada 2023 Brennen Lin
14%
5.73 Philippines 2024 Brenton Angelo Lo Wong
14%
5.26 United States 2025 Caleb Chen
14%
5.90 United Kingdom 2024 James Alonso
14%
5.60 Canada 2024 Kyle Santucci
14%
5.72 Canada 2024 Morgan Yeh
14%
5.70 Philippines 2024 Neo Cuares
14%
5.49 Poland 2025 Olaf Kuźmiński
14%
5.57 United States 2022 Patrick Ponce
14%
5.95 Switzerland 2024 Richard Delacoste
14%
5.92 United States 2025 Shaun Mack
14%
5.95 Argentina 2025 Theo Goluboff
14%
5.68 Italy 2025 Valerio Locatelli
14%
5.63 United States 2023 Aaron Huynh
0%
5.88 Canada 2023 Bill Wang
0%
5.74 United States 2024 Brian Johnson
0%
5.97 United States 2024 Christopher Sun
0%
5.83 Chile 2024 Claudio Matias Cancino Bruna
0%
5.95 Philippines 2024 Crimson Arradaza
0%
5.95 Australia 2023 David Epstein
0%
5.86 United States 2024 Dominic Redisi
0%
5.83 United States 2022 Jerry Yao
0%
5.72 Australia 2022 Jode Brewster
0%
5.81 China 2024 Kaichen Huang (黄楷宸)
0%
5.79 Taiwan 2024 Kai-Wen Wang (王楷文)
0%
5.64 Poland 2025 Kajetan Opach
0%
5.35 China 2025 Lingkun Jiang (姜凌坤)
0%
5.29 China 2025 Muyang Liu (刘慕阳)
0%
5.77 Poland 2025 Radosław Marcinek
0%
5.96 China 2025 Shuda Huang (黄黍达)
0%
5.76 Poland 2024 Szymon Musiał
0%
5.96 Brazil 2023 Vicenzo Guerino Cecchini
0%
5.72 China 2024 Yangming Wang (王扬铭)
0%
5.69 China 2024 Yifan Luo (骆奕帆)
0%
5.71 China 2025 Yiming Zhuang (庄轶茗)
0%
5.57 China 2024 Yuzhe Wang (王语哲)
0%
5.79 China 2024 Zhiyi Yang (杨芝懿)
0%
No matching quizzes found
Score Distribution
Percent of People with Each Score
Percentile by Number Answered
Your Score History
You have not taken this quiz